| 000 | 00936nam a2200229 a 4500 | ||
|---|---|---|---|
| 001 | 78891 | ||
| 003 | BD-RjUL | ||
| 005 | 20211209083203.0 | ||
| 008 | 211125r20192017bg ||||| |||| 00| 0 ben d | ||
| 020 |
_a9840758985 _c: Tk. 400.00 |
||
| 035 | _a(BD-RjUL)79118 | ||
| 040 |
_aBD-RjUL _beng _cBD-RjUL |
||
| 041 | _aben | ||
| 082 |
_223 _a954.9205092 _bRAK 2018 |
||
| 100 |
_aরহমান, শেখ মুজিবুর _9250580 |
||
| 245 | 1 | 0 |
_aকারাগারের রোজনামচা / _cশেখ মুজিবুর রহমান |
| 260 |
_aঢাকা : _bবাংলা একাডেমি, _c২০১৭ [মুদ্রণ ২০১৯] |
||
| 300 |
_a৩৩২ পৃ.: _bচিত্রসমূহ; _c২৪ সেমি. |
||
| 600 |
_aমুজিবুর রহমান , _cশেখ, _d১৯২০-১৯৭৫ _9250585 |
||
| 600 |
_aMujibur Rahman, _cSheikh, _d1920-1975 _9250586 |
||
| 942 |
_2ddc _cBK |
||
| 999 |
_c78891 _d78891 |
||